| 000 | 00369 a2200097 4500 | ||
|---|---|---|---|
| 245 | 0 | 0 |
_aMikroukłady scalone - Oznaczenia literowe parametrów układów scalonych analogowych PN-84/T-01501/05 / _cMin. Przem. Maszynowego. |
| 246 | 1 | 3 | _aPN-84/T-01501/05 |
| 246 | 1 | 3 | _a621.38.049.77-777.1 |
| 260 |
_aWarszawa : _bMin. Przem. Maszynowego, _c1984. |
||
| 300 |
_a2 stron ; _c30 cm. |
||
| 650 | _aPolska norma | ||
| 999 |
_c21232 _d21232 |
||